00665nam a2200169Ia 4500001000700000008004100007082001400048100002300062245012300085260006700208300002500275500003500300503002100335650004400356650003600400710005900436Z_6192220601s9999 xx 000 0 und d a591.1 F57 aFuentes, Victor O. aRecopilación de notas, apuntes y artículos selectos para el curso de: fisiología veterinaria / Victor O. Fuentes aMéxico : UNAM : Facultad de Medicina Veterinaria y Zootecnia apaginación variada aClasificación LC: SF768 V47. aej.1: Donación a1. Fisiología Veterinaria - Manuales  aVeterinary Physiology - Manuals aUNAM : Facultad de Medicina Veterinaria y ZootecniaÌ